Literal Celebrities' Names III Quiz Stats

Quiz Updated Nov 12, 2014

Challenge
Share
Tweet
Embed
Score 0/20 Timer 04:00
10 Plays Today
% Correct
Gary Oldman
93.9%
Chelsie Hightower
93.2%
Jenna Elfman
92.2%
Joey Fatone
90.8%
Vanessa Redgrave
90.2%
Hetti Bywater
88.3%
Aimee Teegarden
87.6%
Anna Wintour
87.1%
Eric Carmen
87.1%
Nicole Kidman
87%
% Correct
Emily Van Camp
85.8%
Delta Goodrem
84.5%
Evander Holyfield
83.1%
Randall Cunningham
81.4%
Winston Churchill
78.4%
Joel Madden
77.8%
Josh Holloway
72.9%
John Legend
69.7%
Noomi Rapace
69.2%
Jason Bateman
65.6%

You're not logged in!

Compare scores with friends on all Sporcle quizzes.
Join for Free
OR
Log In

You Might Also Like...

Show Comments

Extras

Top Quizzes Today


Score Distribution

Your Account Isn't Verified!

In order to create a playlist on Sporcle, you need to verify the email address you used during registration. Go to your Sporcle Settings to finish the process.

Report this User

Report this user for behavior that violates our Community Guidelines.

Details: